The vanitas still lifes of Harmen Steenwyck : (Record no. 18504)

000 -LEADER
fixed length control field 01013cam a2200289 a 4500
001 - CONTROL NUMBER
control field 1035758
005 - DATE AND TIME OF LATEST TRANSACTION
control field 20161221142255.0
008 - FIXED-LENGTH DATA ELEMENTS--GENERAL INFORMATION
fixed length control field 890809s1989 nyua b 000 0 eng
010 ## - LIBRARY OF CONGRESS CONTROL NUMBER
LC control number 89013115
020 ## - INTERNATIONAL STANDARD BOOK NUMBER
International Standard Book Number 0889469490
040 ## - CATALOGING SOURCE
Original cataloging agency DLC
Transcribing agency DLC
Modifying agency DLC
050 00 - LIBRARY OF CONGRESS CALL NUMBER
Classification number ND653.S84
Item number K66 1989
100 1# - MAIN ENTRY--PERSONAL NAME
Personal name Koozin, Kristine.
245 14 - TITLE STATEMENT
Title The vanitas still lifes of Harmen Steenwyck :
Remainder of title metaphoric realism /
Statement of responsibility, etc. Kristine Koozin.
260 ## - PUBLICATION, DISTRIBUTION, ETC. (IMPRINT)
Place of publication, distribution, etc. Lewiston :
Name of publisher, distributor, etc. E. Mellen Press,
Date of publication, distribution, etc. 1989.
300 ## - PHYSICAL DESCRIPTION
Extent vii, 107 p. :
Other physical details ill. ;
Dimensions 24 cm.
440 #0 - SERIES STATEMENT/ADDED ENTRY--TITLE
Title Renaissance studies ;
Volume/sequential designation v. 1
504 ## - BIBLIOGRAPHY, ETC. NOTE
Bibliography, etc Includes bibliographical references (p. 99-107).
600 10 - SUBJECT ADDED ENTRY--PERSONAL NAME
Personal name Steenwyck, Harmen,
Dates associated with a name 1612-
General subdivision Criticism and interpretation.
650 #0 - SUBJECT ADDED ENTRY--TOPICAL TERM
Topical term or geographic name as entry element Pride and vanity in art.
650 #0 - SUBJECT ADDED ENTRY--TOPICAL TERM
Topical term or geographic name as entry element Vanitas (Art)
650 #0 - SUBJECT ADDED ENTRY--TOPICAL TERM
Topical term or geographic name as entry element Allegories.
942 ## - ADDED ENTRY ELEMENTS (KOHA)
Source of classification or shelving scheme
Koha item type Hard Covered Materials
Classification part ND653.S84K66 1989
Holdings
Withdrawn status Lost status Source of classification or shelving scheme Damaged status Not for loan Home library Current library Shelving location Date acquired Source of acquisition Total Checkouts Full call number Barcode Date last seen Price effective from Koha item type
          MACHAKOS UNIVERSITY LIBRARY MACHAKOS UNIVERSITY LIBRARY Technical section 21/12/2016 Donation(B.F.A)   ND653.S84K66 1989 29106 11/07/2018 21/12/2016 Hard Covered Materials
© Machakos University Library, Along The Highway, Machakos Wote Rd, Machakos, Kenya P.O. Box 136 - 90100 Machakos - Kenya

Tel: ( +254 ) 723 805829 OR Fax : 044-20353 OR Email: library@mksu.ac.ke